<?xml version="1.0" encoding="UTF-8"?>
<record
    xmlns:xsi="http://www.w3.org/2001/XMLSchema-instance"
    xsi:schemaLocation="http://www.loc.gov/MARC21/slim http://www.loc.gov/standards/marcxml/schema/MARC21slim.xsd"
    xmlns="http://www.loc.gov/MARC21/slim">

  <leader>00743caa a22001937a 4500</leader>
  <datafield tag="999" ind1=" " ind2=" ">
    <subfield code="c">443083</subfield>
    <subfield code="d">443083</subfield>
  </datafield>
  <controlfield tag="001">5142585</controlfield>
  <controlfield tag="003">UA-OsUOA</controlfield>
  <controlfield tag="005">20191204154406.0</controlfield>
  <controlfield tag="008">191204b        un ||||| |||| 00| 0 ukr d</controlfield>
  <datafield tag="040" ind1=" " ind2=" ">
    <subfield code="a">UA-OsUOA</subfield>
    <subfield code="b">ukr</subfield>
    <subfield code="c">UA-OsUOA</subfield>
    <subfield code="d">UA-OsUOA</subfield>
  </datafield>
  <datafield tag="041" ind1=" " ind2=" ">
    <subfield code="a">ukr</subfield>
  </datafield>
  <datafield tag="080" ind1=" " ind2=" ">
    <subfield code="a">908</subfield>
  </datafield>
  <datafield tag="090" ind1=" " ind2=" ">
    <subfield code="a">908</subfield>
  </datafield>
  <datafield tag="100" ind1=" " ind2=" ">
    <subfield code="a">&#x413;&#x43B;&#x430;&#x434;&#x443;&#x43D;&#x435;&#x43D;&#x43A;&#x43E; &#x41E;. &#x412;.</subfield>
  </datafield>
  <datafield tag="245" ind1=" " ind2=" ">
    <subfield code="a">&#x41E;&#x431;&#x43E;&#x440;&#x43E;&#x43D;&#x430; &#x41E;&#x441;&#x442;&#x440;&#x43E;&#x433;&#x430; &#x432; &#x447;&#x435;&#x440;&#x432;&#x43D;&#x435;&#x432;&#x456; &#x434;&#x43D;&#x456; 1941 &#x440;&#x43E;&#x43A;&#x443;</subfield>
    <subfield code="c">&#x41E;. &#x412;. &#x413;&#x43B;&#x430;&#x434;&#x443;&#x43D;&#x435;&#x43D;&#x43A;&#x43E;</subfield>
  </datafield>
  <datafield tag="300" ind1=" " ind2=" ">
    <subfield code="a">&#x421;. 46&#x2013;48</subfield>
  </datafield>
  <datafield tag="773" ind1="0" ind2=" ">
    <subfield code="0">331093</subfield>
    <subfield code="9">355490</subfield>
    <subfield code="d">&#x41E;&#x441;&#x442;&#x440;&#x43E;&#x433; 1992</subfield>
    <subfield code="o">104079</subfield>
    <subfield code="t">&#x41C;&#x430;&#x442;&#x435;&#x440;&#x456;&#x430;&#x43B;&#x438; &#x406; - &#x406;&#x406;&#x406; &#x43D;&#x430;&#x443;&#x43A;&#x43E;&#x432;&#x43E;-&#x43A;&#x440;&#x430;&#x454;&#x437;&#x43D;&#x430;&#x432;&#x447;&#x438;&#x445; &#x43A;&#x43E;&#x43D;&#x444;&#x435;&#x440;&#x435;&#x43D;&#x446;&#x456;&#x439; "&#x41E;&#x441;&#x442;&#x440;&#x456;&#x433; &#x43D;&#x430; &#x43F;&#x43E;&#x440;&#x43E;&#x437;&#x456; 900-&#x440;&#x456;&#x447;&#x447;&#x44F;" (1990 - 1992 &#x440;&#x440;.)</subfield>
    <subfield code="w">(UA-OsUOA) 44980 </subfield>
  </datafield>
  <datafield tag="942" ind1=" " ind2=" ">
    <subfield code="2">udc</subfield>
    <subfield code="c">BKA</subfield>
  </datafield>
</record>
